Langue française: les mots compliqués (QCM) #1 - Statistiques

Statistiques générales
  • Ce quiz a été pris 946 fois
  • Le résultat moyen est 8 sur 15
Statistiques - réponses
Question Réponse % Correct
Qu'est-ce qu'une "ludothèque"? Local entreposant des jeux
94%
Que désigne le mot "yakitori"? Une spécialité culinaire
86%
Que désigne le mot "mandrill"? Un animal
81%
Que désigne le mot "quetzal"? Un oiseau
73%
Que désigne le nom "scopolamine"? Une molécule utilisée comme médicament
70%
Qu'est-ce qu'une "anacoluthe"? Une figure de style
57%
Que désigne le mot "polymérase"? Une protéine
57%
Qu'est-ce qu'une "régate"? Une course
54%
Que signifie le mot "limnigraphe"? Un appareil de mesure
49%
L'adjectif "dicline" est utilisé pour qualifier... Une plante
36%
Que désigne le mot "nutation"? Un phénomène physique
32%
L'adjectif "amphicœle" est utilisé pour parler... De vertèbres de disposition particulières
28%
Qu'est-ce qu'un "queusot"? Un dispositif des ampoules électriques
17%
Le mot "chrysidé" désigne... Un parasite
17%
Que désigne une "grenouillette"? Une tumeur
10%
Aucun quiz correspondant
Distribution des résultats
% des personnes avec chaque résultat
Percentile par nombre de réponses
Votre historique - résultats
Vous n’avez pas pris ce quiz